000 00344nam a2200133Ia 4500
005 20260328101448.0
008 260328s9999||||xx |||||||||||||| ||und||
100 _aRuusuvuori, Aarno
245 0 _aAlvar Aalto 1898-1976 /
_cAarno Ruusuvuori
260 _bMuseum of Finnish Architecture
300 _a167 p.
650 _aARQUITECTOS
942 _cBK
999 _c8522
_d8522